Ariana Grande - everytime - Statistics

General Stats
  • This quiz has been taken 122 times
  • The average score is 319 of 367
Answer Stats
lyric % Correct
I
100%
(I
100%
a
97%
Back
97%
back
97%
(Back
97%
to
97%
you,
97%
you
97%
You
97%
you?
97%
you)
97%
go
95%
an
94%
get
94%
like
94%
the
94%
every
92%
I'm
92%
time
92%
Why,
92%
why,
92%
why
92%
does
90%
me
90%
oh,
90%
call
89%
high
89%
regular
89%
teenager
89%
and
87%
But
87%
fall
87%
God
87%
keep
87%
bringin'
85%
it
84%
on
84%
we
84%
your
84%
energy
82%
no
82%
show
82%
so
82%
think
81%
control
79%
my
79%
of
79%
when
79%
When
79%
free
77%
idiot
77%
say
77%
tellin'
77%
tired
77%
weak
77%
drunk,
76%
pretend
76%
there
76%
let
74%
over
74%
not
73%
don't
71%
that
71%
tried
71%
you're
71%
Self
69%
different
68%
It's
68%
our
68%
really
68%
fight
65%
shows
65%
somethin'
65%
destruct,
63%
people
63%
stares
63%
They
63%
blank
61%
givin'
61%
Shakespeare
60%
up
60%
here,
55%
Because
53%
can't
53%
I've
53%
new
52%
outta
52%
wave
50%
at
44%
baby)
44%
Boy,
44%
'Cause
44%
look
44%
case
39%
change
39%
good
37%
head
34%
make
32%
callin'
24%
lace
19%
slip
19%
No matching quizzes found
Score Distribution
Percent of People with Each Score
Percentile by Number Answered
Your Score History
You have not taken this quiz